Nemecky s úsmevom 2 [upravené podľa pravidiel nemeckého pravopisu]

Guardado en:
Detalles Bibliográficos
Formato: Libro
Lenguaje:eslovaco
alemán
Publicado: VŠE - vydavateľstvo Eva Škutová 2002
Edición:1. uprav. kniž. vyd.
Materias:
Etiquetas: Agregar Etiqueta
Sin Etiquetas, Sea el primero en etiquetar este registro!

MARC

LEADER 00000nam$a2200000$$$4500
001 0047956
005 20220729101856.0
020 |a 80-967188-8-6 
041 0 |a slo 
041 0 |a ger 
044 |a SK 
245 1 0 |a Nemecky s úsmevom 2  |b [upravené podľa pravidiel nemeckého pravopisu] 
250 |a 1. uprav. kniž. vyd. 
264 1 |b VŠE - vydavateľstvo Eva Škutová  |c 2002 
300 |a 339 s. 
610 2 0 |a jazykoveda 
610 2 0 |a terminológia 
610 2 0 |a jazyky cudzie